| 000 | 00729nam a22001937a 4500 | ||
|---|---|---|---|
| 999 |
_c164191 _d164191 |
||
| 005 | 20190513170756.0 | ||
| 010 | _aUR-10107 | ||
| 020 |
_c500.00 _a9789387829343 |
||
| 035 | _aU-8662 | ||
| 037 | _bDBAD/PUB | ||
| 082 | _a840.08 | ||
| 100 | _aو قا ر نا صر ی | ||
| 245 |
_aپر و فيسر مہد ی حسين نا صر ی : ا فکا ر و آ ثا ر _cو قا ر نا صر ی |
||
| 246 |
_bProf.Mehdi Hussain Nasri:Afkar -o-Aasar(Urdu) _aby Waqar Nasri |
||
| 260 |
_a Delhi _bEducational Publishing House _c2018 ء |
||
| 270 |
_a3191،Vakil Street,Kucha Pandit,Lal Kuan, _bDelhi _e110006 _k23216162 _l00911123211540 |
||
| 300 |
_a399ص _c22 Cm.(bk) |
||
| 942 |
_2ddc _cUR _h840.08 _mو ق ا |
||